Quiz sur le film Dracula de 1992 - Statistiques

Statistiques générales
  • Ce quiz a été pris 132 fois
  • Le résultat moyen est 10 sur 15
Statistiques - réponses
Question Réponse % Correct
Où habite Dracula ? En Transylvanie
96%
Où travaillait R.M. Renfield ? Chez un Notaire
88%
Comment Dracula devient un vampire ? En renonçant à Dieu
88%
Où sont livrées les caisses de terre ? A l’Abbaye de Carfax à Londres
75%
Dracula pense que Mina Murray est la réincarnation de : Sa femme
75%
Combien d’hommes convoitent Lucy Westenra ? 3
71%
Question bonus qui a fait le film de 1992 ? Francis Ford Coppola
71%
Dans quoi voyage Dracula ? Dans des caisses pleines de terre
67%
Avec qui Jonathan Harker ne veut-il pas que Mina reste ? Lucy Westenra
63%
Qui est mort en combattant Dracula? Quincey Morris
63%
Pour quelle raison Dracula se met en colère en vers Jonathan Harker (il lui interdit d’en rire) ? L’histoire sur L’ordre des Dracul
58%
Comment se nomme le serviteur de Dracula ? R.M. Renfield
58%
Qui devait épouser Lucy Westenra ? Arthur Holmwood
54%
Qui achève Dracula ? Mina Harker
54%
Qui demande de l’aide au Professeur Van Helsing par télégramme ? Jack Seward
50%
Aucun quiz correspondant
Distribution des résultats
% des personnes avec chaque résultat
Percentile par nombre de réponses
Votre historique - résultats
Vous n’avez pas pris ce quiz